The crowd : (Record no. 22537)
[ view plain ]
| 000 -LEADER | |
|---|---|
| fixed length control field | 01003cam a22003135a 4500 |
| 001 - CONTROL NUMBER | |
| control field | ACF8838IL |
| 005 - DATE AND TIME OF LATEST TRANSACTION | |
| control field | 20161012144750.0 |
| 008 - FIXED-LENGTH DATA ELEMENTS--GENERAL INFORMATION | |
| fixed length control field | 830603s2015 nyu frb 000 0 eng d |
| 020 ## - INTERNATIONAL STANDARD BOOK NUMBER | |
| International Standard Book Number | 9781453826676 |
| 035 ## - SYSTEM CONTROL NUMBER | |
| System control number | (InU)ACF8838IL |
| 035 ## - SYSTEM CONTROL NUMBER | |
| System control number | (OCoLC)ocm09573647 |
| 040 ## - CATALOGING SOURCE | |
| Original cataloging agency | FDM |
| Language of cataloging | eng |
| Transcribing agency | FDM |
| Modifying agency | m/c |
| -- | ILI |
| -- | EG-ScBUE |
| 041 1# - LANGUAGE CODE | |
| Language code of text/sound track or separate title | eng |
| Language code of original and/or intermediate translations of text | fre |
| 082 04 - DEWEY DECIMAL CLASSIFICATION NUMBER | |
| Classification number | 302.33 |
| Item number | LEB |
| Edition number | 22 |
| 100 1# - MAIN ENTRY--PERSONAL NAME | |
| Personal name | Le Bon, Gustave, |
| Dates associated with a name | 1841-1931. |
| 9 (RLIN) | 41504 |
| 240 10 - UNIFORM TITLE | |
| Uniform title | <a href="Psychologie des foules.">Psychologie des foules.</a> |
| Language of a work | English. |
| 245 14 - TITLE STATEMENT | |
| Title | The crowd : |
| Remainder of title | a study of the popular mind / |
| Statement of responsibility, etc | by Gustave Le Bon ; [translated by Keli Feng] |
| 260 0# - PUBLICATION, DISTRIBUTION, ETC. (IMPRINT) | |
| Place of publication, distribution, etc | [New York : |
| Name of publisher, distributor, etc | Macmillan, |
| Date of publication, distribution, etc | 2015] |
| 300 ## - PHYSICAL DESCRIPTION | |
| Extent | 114 p. ; |
| Dimensions | 24 cm. |
| 500 ## - GENERAL NOTE | |
| General note | Translation of : Psychologie des foules. |
| 546 ## - LANGUAGE NOTE | |
| Language note | Text in English ; translated from original French. |
| 650 #0 - SUBJECT ADDED ENTRY--TOPICAL TERM | |
| Topical term or geographic name as entry element | Crowds. |
| Source of heading or term | BUEsh |
| 650 #0 - SUBJECT ADDED ENTRY--TOPICAL TERM | |
| Topical term or geographic name as entry element | Collective behavior. |
| Source of heading or term | BUEsh |
| 651 ## - SUBJECT ADDED ENTRY--GEOGRAPHIC NAME | |
| Source of heading or term | BUEsh |
| 653 ## - INDEX TERM--UNCONTROLLED | |
| Resource For college | BAEPS, Business Administration |
| Arrived date list | October2016 |
| 700 1# - ADDED ENTRY--PERSONAL NAME | |
| Personal name | Feng, Keli |
| Relator term | translator. |
| 942 ## - ADDED ENTRY ELEMENTS (KOHA) | |
| Source of classification or shelving scheme | Dewey Decimal Classification |
| 998 ## - LOCAL CONTROL INFORMATION (RLIN) | |
| Operator's initials, OID (RLIN) | 2/6/1992 |
| Cataloger's initials, CIN (RLIN) | 2/6/1992 |
| Withdrawn status | Item status | Source of classification or shelving scheme | Damaged status | Not for loan | Vendor | Home library | Current library | Shelving location | Date acquired | Source of acquisition | Cost, normal purchase price | Serial Enumeration / chronology | Total Checkouts | Total Renewals | Full call number | Barcode | Date last seen | Date last borrowed | Cost, replacement price | Koha item type |
|---|---|---|---|---|---|---|---|---|---|---|---|---|---|---|---|---|---|---|---|---|
| Dewey Decimal Classification | Baccah | Central Library | Central Library | First floor | 12/10/2016 | Purchase | 87.00 | 24096 | 3 | 68 | 302.33 LEB | 000034043 | 15/07/2025 | 06/08/2019 | 109.00 | Book - Borrowing |